Statistics for Brazilian Football National Champions

Click here to take the quiz!

General Stats

  • This quiz has been taken 114 times
    (81 since last reset)
  • The average score is 50 of 62

Answer Stats

YearAnswer% Correct
2004Santos
96%
1968Santos
96%
1961Santos
96%
1962Santos
96%
1962Santos
96%
1963Santos
96%
1964Santos
96%
1965Santos
96%
2002Santos
96%
1980Flamengo
88%
1983Flamengo
88%
1982Flamengo
88%
1992Flamengo
88%
2009Flamengo
88%
1986São Paulo
87%
2006São Paulo
87%
1977São Paulo
87%
1991São Paulo
87%
2008São Paulo
87%
2007São Paulo
87%
1973Palmeiras
86%
2016Palmeiras
86%
1969Palmeiras
86%
1994Palmeiras
86%
1993Palmeiras
86%
1967Palmeiras
86%
1967Palmeiras
86%
1960Palmeiras
86%
1972Palmeiras
86%
2005Corinthians
84%
1990Corinthians
84%
1999Corinthians
84%
1998Corinthians
84%
2017Corinthians
84%
2015Corinthians
84%
2011Corinthians
84%
2010Fluminense
83%
2012Fluminense
83%
1984Fluminense
83%
1970Fluminense
83%
1968Botafogo
78%
1995Botafogo
78%
1996Grêmio
78%
1981Grêmio
78%
1974Vasco da Gama
75%
1989Vasco da Gama
75%
2000Vasco da Gama
75%
1997Vasco da Gama
75%
1976Internacional
72%
1975Internacional
72%
1979Internacional
72%
2013Cruzeiro
70%
2003Cruzeiro
70%
2014Cruzeiro
70%
1966Cruzeiro
70%
1959Bahia
63%
1988Bahia
63%
1987Sport
53%
1985Coritiba
45%
1978Guarani
43%
1971Atlético-MG
36%
2001Atlético-PR
29%

Score Distribution

Percentile by Number Answered

Percent of People with Each Score

Your Score History

You have not taken this quiz since the last reset